000 00760nam a2200229 i 4500
001 92362
003 ES-MaACL
005 20230906180944.0
007 t|
008 050307s1982 sp ||||1| spa d
020 _a84-276-0571-4
100 1 _aLimón Delgado, Antonio.
_972317
245 1 3 _aLa artesanía rural
_b: reflexiones sobre el cambio cultural /
_cAntonio Limón Delgado.
260 _aMadrid :
_bEditora Nacional,
_c[1982]
300 _a158 p. :
_b31 h. de lám. col. ;
_c22 cm.
490 1 _aArtes del tiempo y del espacio ;
_v3
650 0 0 _aArtesanía-
_zEspaña.
_910346
651 4 _aEspaña-
_xUsos y costumbres.
_98515
830 1 _aArtes del tiempo y del espacio ;
_v3
_9184250
852 _aES-MaACL
_jL-1995
999 _c92362
_d92362